Посольство въ Англію дворянина Григорія Микулина въ 1600 и 1601 гг. (Запис № 315477)

МАРК-запис
000 -Лідер
fixed length control field 00804nam a22002297a 4500
001 - Контрольний номер
control field 29097
003 - Ідентифікатор контрольного номера
control field UA-OsUOA
005 - Дата та час останнього входження (трансакції)
control field 20240111154512.0
007 - Фіксоване поле фізичного опису
fixed length control field ta
008 - Елементи даних фіксованої довжини – загальна інформація
fixed length control field 20050530b un ||||| |||| 00| 0 ukr d
040 ## - Джерело каталогізації
Агенція оригінальної каталогізації UA-OsUOA
Мова каталогізації rus
Агенція, яка здійснювала перезапис UA-OsUOA
Агенція, яка здійснювала модифікацію UA-OsUOA
041 ## - Код мови
Код мови тексту/ звукової доріжки чи окремого заголовка (П) rus
044 ## - Код країни видавця/ виробника
Код країни видавця/ виробника (П) RU
080 ## - Індекс Універсальної десяткової класифікації
Індекс Універсальної десяткової класифікації (УДК) (НП) 94(47+571)
090 ## - Локальний шифр розміщення
Класифікаційний індекс УДК 94(47+571)
Авторський знак (НП) П62
245 ## - Відомості про назву
Назва (НП) Посольство въ Англію дворянина Григорія Микулина въ 1600 и 1601 гг.
Решта назви (НП) по документамъ Московскаго главнаго архива Министерства иностранныхъ дълъ
Дані про відповідальність (НП) сост. Н. В. Чарыковъ
260 ## - Публікація, розповсюдження і т.п. (Вихідні дані)
Місце публікації, розповсюдження і т.п. (П) М.
Ім’я/ наймення видавництва, розповсюджувача і т.п. (П) Сунодальная Типографія
Дата публікації, розповсюдження і т.п. (П) 1878
300 ## - Фізичний опис
Обсяг 37 с.
650 #7 - Додаткове предметне введення – тематичний термін
Джерело заголовка чи терміна UDC
942 ## - Додаткові елементи входу (Коха)
Тип елемента Koha Рідкісне/цінне видання
Source of classification or shelving scheme Universal Decimal Classification
955 ## - Код типу видання за змістом
Код типу видання за змістом (НП) Науково-популярні видання
Фонди
Стан вилучень Стан втрат Джерело класифікації або схеми стелажів Стан уражень Не для кредиту Код колекції Постійне місце розташування Поточне розміщення Дата придбання Усього замовленно Повний номер виклику Штрих-код Дата останнього перегляду Ціна ефективна від Тип елемента Koha
    Universal Decimal Classification     Колекція Ковальського М.П. ЧЗ - Читальна зала ЧЗ - Читальна зала 11/01/2022   94(47+571) П62 90159 11/01/2024 11/01/2024 Рідкісне/цінне видання